| 000 | 01089nam a2200253Ia 4500 | ||
|---|---|---|---|
| 001 | 270.8-ORI or (2753) | ||
| 003 | IT-MiSPE | ||
| 008 | 171229s9999||||xx |||||||||||||| ||und|| | ||
| 040 |
_aIT-MiSPE _cIT-MiSPE |
||
| 041 | _aITALIANO | ||
| 100 | _aOrigene (Origène) | ||
| 240 | _aDisputatio cum Heracleida = Dialectoi pros Erakleidan | ||
| 245 | 0 | _aDisputa con Eraclide | |
| 250 | _a1a ed. (v) | ||
| 260 |
_aAlba (CN) _bEd. Paoline _c(st.) 1971 |
||
| 300 |
_a352 p. _c19 cm |
||
| 490 | _aPatristica | ||
| 501 | _aEdizioni San Paolo srl - Piazza Soncino, 5 - 20092 CINISELLO BALSAMO (MI) (non commercial uses only) ® Copyright 2018 | ||
| 520 | _aGiobbe Gentili (intr., note) | ||
| 700 |
_aGiobbe Gentili _g(traduzione) |
||
| 942 | _cBK | ||
| 957 | _71 | ||
| 999 |
_a14789 _bNO _g Copie: 1 _c346679 _d346679 |
||